|
|
|
|
| LEADER |
01048nam a2200253 a 4500 |
| 001 |
00026371 |
| 008 |
121224s2011 ii b 000 0 eng d |
| 020 |
|
|
|a 9788125040897
|
| 040 |
|
|
|a BD-DhAAL
|c BD-DhAAL
|
| 082 |
0 |
0 |
|a 823.5
|2 22
|
| 100 |
1 |
|
|a Swift, Jonathan
|d 1667-1745.
|
| 245 |
1 |
0 |
|a Gulliver's travels /
|c Jonathan Swift, edited by Pramod K. Nayar.
|
| 250 |
|
|
|a Critical ed.
|
| 260 |
|
|
|a Hyderabad :
|b The English and Foreign Languages University ;
|b Orient BlackSwan,
|c 2011
|
| 300 |
|
|
|a iv, 307, :
|c 23 cm.
|
| 490 |
|
|
|a Critical Edition.
|
| 504 |
|
|
|a Includes bibliographical references (p. [305]-307).
|
| 541 |
|
|
|e 00026371
|
| 650 |
|
0 |
|a Voyages, Imaginary
|x Early works to 1800.
|
| 650 |
|
0 |
|a Travelers
|v Fiction
|
| 700 |
1 |
|
|a Nayar, Pramod K.
|
| 852 |
1 |
|
|a Ayesha Abed Library
|j General shelf
|
| 999 |
|
|
|c 13066
|d 13066
|
| 952 |
|
|
|0 0
|1 0
|2 ddc
|4 0
|6 823_500000000000000_SWI
|7 0
|9 21725
|a BRACUL
|b BRACUL
|c GEN
|d 2012-12-24
|e ENH
|l 3
|m 13
|o 823.5 SWI
|p 3010026371
|r 2026-05-18
|s 2024-03-18
|t 1
|w 2012-12-24
|y BK
|x Transferred from ENH to Ayesha Abed library on 20/12/2023
|